000 00516 a2200169 4500
003 OSt
005 20240905134715.0
008 240131b |||||||| |||| 00| 0 eng d
040 _coclc
082 _a297
_bUSA/S
100 _aUsaimeen, Assheikh
_910512
245 _aSHARAH AQEEDA ALA WASITIYA /
_cAssheikh Muhammed Bin Saleh Al-Usaimeen
250 _a2nd ed.
260 _aSaudi Arabia:
_bThuraya Publishing House,
_c2005.
300 _a712p.
942 _2ddc
_cBK
_h297
_k297
_iUSA/S
_mUSA/S
999 _c43358
_d43358